000
002290000a22000970004500
100
1
_a
Kendall, R. T.
245
1
0
_a
AIDS : Is it God's judgment?
300
_a
Vol. 6, Núm 1 (1988), Páginas 12-15
773
0
_t
Evangel
942
_c
ANA
999
_c
54313
_d
54313